Iniciación en la tecnología: orientaciones didácticas

Enregistré dans:
Détails bibliographiques
Auteurs principaux: Luca, Roberto C. de (autor), González Cuberes, María Teresa (Auteur)
Format: Livre
Langue:espagnol
Publié: Buenos Aires Aique 1997
Collection:Aportes a la Educación Inicial
Sujets:
Tags: Ajouter un tag
Pas de tags, Soyez le premier à ajouter un tag!

MARC

LEADER 00000nam a2200000 a 4500
001 UCL0165
003 CL-VaPUC
008 030627e19970000AG |||||||||||||||||spa|d
082 0 4 |a 372.358  |b LUC  |2 21 
100 |a Luca, Roberto C. de  |e autor  |9 476927 
700 |a González Cuberes, María Teresa  |e author  |9 529513 
245 1 0 |a Iniciación en la tecnología: orientaciones didácticas 
300 |a 230 p 
942 |c BK 
945 |d 20030627 00:00:00  |a cmena 
260 |a Buenos Aires  |b Aique  |c 1997 
650 0 |a Métodos de enseñanza  |9 270413 
650 0 |a Educación tecnológica  |9 307597 
650 0 |a Educación básica   |9 224933 
650 0 |a Planificación del currículo  |9 269599 
583 |a last modification  |c 20030627 00:00:00  |k Rodrigo Vera 
490 0 |a Aportes a la Educación Inicial 
999 |c 304183  |d 304181 
952 |0 0  |1 0  |4 0  |6 372_358000000000000_LUC_1997  |7 0  |8 A  |9 366071  |a BIBEDU  |b BIBEDU  |d 2019-11-21  |i 3918629  |o 372.358 LUC 1997  |p 3918629  |r 2019-11-21  |w 2019-11-21  |y BK  |k EPE